Historia de las doctrinas económicas / (Registro nro. 5403)

Detalles MARC
000 -LEADER
fixed length control field 01165nam a2200277Ia 4500
003 - CONTROL NUMBER IDENTIFIER
control field OSt
005 - DATE AND TIME OF LATEST TRANSACTION
control field 20200521082255.0
008 - FIXED-LENGTH DATA ELEMENTS--GENERAL INFORMATION
fixed length control field 191128s1964 mx gr 000 0 spa d
040 ## - CATALOGING SOURCE
Original cataloging agency CO-JMCR
Transcribing agency CO-JMCR
041 1# - LANGUAGE CODE
Language code of text/sound track or separate title spa
Language code of original ruso
082 04 - DEWEY DECIMAL CLASSIFICATION NUMBER
Classification number 330.09 /
Edition number 23
Item number K182h
100 1# - MAIN ENTRY--PERSONAL NAME
Personal name Karataev,
Relator term autor
9 (RLIN) 4595
245 10 - TITLE STATEMENT
Title Historia de las doctrinas económicas /
Statement of responsibility, etc. Karataev, Ryndina, Stepanov [y otros] ; traducción directa del ruso por José Laín
260 ## - PUBLICATION, DISTRIBUTION, ETC.
Place of publication, distribution, etc. México :
Name of publisher, distributor, etc. Grijalbo,
Date of publication, distribution, etc. 1964
300 ## - PHYSICAL DESCRIPTION
Extent xv, 653 páginas ;
Dimensions 22 cm.
505 ## - FORMATTED CONTENTS NOTE
Formatted contents note Sociedad esclavista, feudalismo y mercantilismo -- Economía política burguesa clásica, vulgar y pequeñoburguesa -- La oposición al régimen de servidumbre en Rusia -- Creación por C. Marx y F. Engels de la economía política del proletariado -- La economía
534 ## - ORIGINAL VERSION NOTE
Introductory phrase Istotii economicheskij uchenii
546 ## - LANGUAGE NOTE
Language note Traducido del ruso
650 14 - SUBJECT ADDED ENTRY--TOPICAL TERM
Topical term or geographic name entry element Historia económica
9 (RLIN) 4596
650 24 - SUBJECT ADDED ENTRY--TOPICAL TERM
Topical term or geographic name entry element Doctrinas económicas
9 (RLIN) 4597
650 24 - SUBJECT ADDED ENTRY--TOPICAL TERM
Topical term or geographic name entry element Pensamiento económico
9 (RLIN) 2296
700 1# - ADDED ENTRY--PERSONAL NAME
Personal name Ryndina,
Relator term autor
9 (RLIN) 4598
700 1# - ADDED ENTRY--PERSONAL NAME
Personal name Stepanov,
Relator term autor
9 (RLIN) 4599
700 1# - ADDED ENTRY--PERSONAL NAME
Personal name Laín, José,
Relator term traductor
9 (RLIN) 4600
942 ## - ADDED ENTRY ELEMENTS (KOHA)
Source of classification or shelving scheme Dewey Decimal Classification
Koha item type Books
Existencias
Withdrawn status Lost status Source of classification or shelving scheme Materials specified (bound volume or other part) Damaged status Not for loan Home library Current library Shelving location Date acquired Source of acquisition Cost, normal purchase price Total Checkouts Full call number Barcode Date last seen Copy number Price effective from Koha item type
    Dewey Decimal Classification Donación--15/04/2018--     Biblioteca Pública José María del Castillo y Rada Biblioteca Pública José María del Castillo y Rada General Stacks 11/28/2019 Donación 0.00   330.09 / K182h 430001864 05/16/2024 V.1 / Ej.1 11/28/2019 Books